Cliquez sur la bonne traduction en espagnol - Les vêtements - Statistiques

Statistiques générales
  • Ce quiz a été pris 506 fois
  • Le résultat moyen est 12 sur 26
Statistiques - réponses
Hint Réponse % Correct
Chaussures Zapatos
84%
Chapeau Sombrero
80%
Pantalon Pantalones
78%
Bottes Botas
76%
Chemise Camisa
74%
Gants Guantes
63%
Ceinture Cinturón
62%
Jupe Falda
61%
Sac à main Bolso
48%
Cravate Corbata
48%
Robe Vestido
47%
Echarpe Bufanda
46%
Basket Zapatillas
42%
Chaussette Calcetín
39%
Gilet Càrdigan
37%
Sac à dos Mochila
37%
Costume Traje
34%
Casquette Gorra
31%
Manteau Abrigo
30%
Veste Chaqueta
30%
Pull Suéter
30%
Slip Calzoncillos
28%
Soutien-gorge Sujetador
18%
Sweat Sudadera
14%
Collants Medias
12%
Robe de chambre Bata
6%
Aucun quiz correspondant
Distribution des résultats
% des personnes avec chaque résultat
Percentile par nombre de réponses
Votre historique - résultats
Vous n’avez pas pris ce quiz